Country Flags based off their Dot - Statistics

General Stats
  • This quiz has been taken 56 times
    15 since last reset
  • The average score is 18 of 24
Answer Stats
Picture Answer % Correct
South Korea
93%
Azerbaijan
87%
Bangladesh
87%
Brazil
87%
Dominica
87%
Ethiopia
87%
Japan
87%
Kazakhstan
87%
Malaysia
87%
North Korea
87%
North Macedonia
87%
Philippines
87%
Kiribati
80%
Niger
80%
Palau
80%
Greenland
67%
Marshall Islands
67%
Taiwan
67%
Laos
60%
Namibia
60%
Nauru
60%
Nepal
53%
Rwanda
53%
Colorado
47%
No matching quizzes found
Score Distribution
Percent of People with Each Score
Percentile by Number Answered
Your Score History
You have not taken this quiz since the last reset